[Event "National interclub championship"]
[Site "Brussels"]
[Date "1997.11.30"]
[Round "5"]
[White "Kerkhof, Philippe"]
[Black "Winants, Luc"]
[Result "0-1"]
[WhiteElo "2240"]
[BlackElo "2515"]
[Board "3"]
[WhiteTeam "CRÉ Brussels"]
[BlackTeam "SK Rochade Eupen"]
[BlackTitle "IM"]
[PlyCount "54"]
[EventDate "1997.10.05"]
[Source "BelgaBase"]

1. e4 c5 2. Nf3 d6 3. c3 Nf6 4. Be2 e6 5. O-O Nc6 6. d3 Qc7 7. Re1 Be7 8. Bf1
O-O 9. d4 d5 10. e5 Ne4 11. a3 Bd7 12. Bd3 Rac8 13. dxc5 Bxc5 14. Bxe4 dxe4 15.
Rxe4 Ne7 16. Re1 Bc6 17. Nbd2 Ng6 18. Ne4 Bb6 19. Qd6 Rfd8 20. Qxc7 Bxc7 21.
Bg5 Rd7 22. Ned2 a6 23. Nd4 Nxe5 24. Nxc6 Nxc6 25. Ne4 Ne5 26. Nc5 Rd5 27. Nxb7
Rb8 0-1

[Event "National interclub championship"]
[Site "Brussels"]
[Date "1997.11.30"]
[Round "5"]
[White "Ahn, Martin"]
[Black "Johannes, Alex"]
[Result "1-0"]
[WhiteElo "2310"]
[BlackElo "2155"]
[Board "4"]
[WhiteTeam "SK Rochade Eupen"]
[BlackTeam "CRÉ Brussels"]
[WhiteTitle "FM"]
[PlyCount "67"]
[EventDate "1997.10.05"]
[Source "BelgaBase"]

1. e4 e5 2. Nf3 Nc6 3. Nc3 Nf6 4. g3 Bc5 5. Bg2 d6 6. O-O Nd4 7. Na4 Bg4 8. c3
Nxf3+ 9. Bxf3 Bxf3 10. Qxf3 Qd7 11. Nxc5 dxc5 12. d3 O-O-O 13. Rd1 Qh3 14. Be3
Ng4 15. Bxc5 Qxh2+ 16. Kf1 Qh5 17. Ke2 Rhe8 18. Rh1 Qg6 19. Rh4 Nf6 20. Rd1 Nd7
21. Be3 h6 22. Rg4 Qe6 23. Rxg7 Qxa2 24. Rd2 f6 25. Qf5 Re6 26. c4 Ra6 27. Bc5
Qa4 28. b4 Rd6 29. Bxd6 cxd6 30. b5 a6 31. Qe6 axb5 32. cxb5 Qxb5 33. Rc2+ Kb8
34. Qxd6+ 1-0

[Event "National interclub championship"]
[Site "Tessenderlo"]
[Date "1997.11.30"]
[Round "5"]
[White "Hausrath, Daniel"]
[Black "Van Beers, Eddy"]
[Result "1/2-1/2"]
[WhiteElo "2415"]
[BlackElo "2275"]
[Board "2"]
[WhiteTeam "SK Eupen '47"]
[BlackTeam "OSK Tessenderlo"]
[WhiteTitle "IM"]
[PlyCount "46"]
[EventDate "1997.10.05"]
[Source "BelgaBase"]

1. Nf3 f5 2. g3 Nf6 3. Bg2 g6 4. c4 Bg7 5. d4 O-O 6. b3 d6 7. Bb2 Qe8 8. Qc2
Nc6 9. d5 Nd8 10. O-O e5 11. dxe6 Nxe6 12. Nc3 Bd7 13. Rad1 Bc6 14. Nd5 Qf7 15.
e3 Rae8 16. b4 a6 17. a4 Ne4 18. Nd4 Nxd4 19. Bxd4 Qd7 20. Bxg7 Qxg7 21. Rd4
Qd7 22. a5 Bxd5 23. Rxd5 Qe7 1/2-1/2

[Event "National interclub championship"]
[Site "Tessenderlo"]
[Date "1997.11.30"]
[Round "5"]
[White "van Schaardenburg, Mark"]
[Black "Klip, Hans"]
[Result "0-1"]
[WhiteElo "2245"]
[BlackElo "2365"]
[Board "3"]
[WhiteTeam "OSK Tessenderlo"]
[BlackTeam "SK Eupen '47"]
[BlackTitle "FM"]
[PlyCount "50"]
[EventDate "1997.10.05"]
[Source "BelgaBase"]

1. e4 e5 2. Nc3 Nc6 3. f4 Bc5 4. Nf3 d6 5. Na4 Bg4 6. Bb5 Nge7 7. h3 Bxf3 8.
Qxf3 O-O 9. c3 a6 10. Nxc5 axb5 11. Nd3 f5 12. exf5 d5 13. Nc5 Rxf5 14. d4 b6
15. g4 Rf6 16. dxe5 Nxe5 17. Qe2 Nxg4 18. Nb7 Qc8 19. hxg4 Re6 20. Be3 d4 21.
O-O-O Qxb7 22. Qc2 Rxe3 23. Qxh7+ Kf8 24. Rxd4 Qc6 25. Qc2 Qxh1+ 0-1

[Event "National interclub championship"]
[Site "Tessenderlo"]
[Date "1997.11.30"]
[Round "5"]
[White "Van Herck, Marcel"]
[Black "Defize, Alain"]
[Result "0-1"]
[WhiteElo "2205"]
[BlackElo "2250"]
[Board "5"]
[WhiteTeam "OSK Tessenderlo"]
[BlackTeam "SK Eupen '47"]
[BlackTitle "FM"]
[PlyCount "98"]
[EventDate "1997.10.05"]
[Source "BelgaBase"]

1. e4 c5 2. Nf3 e6 3. b3 d5 4. exd5 exd5 5. Bb2 Nf6 6. d4 Nc6 7. Nbd2 Be7 8.
Bd3 O-O 9. O-O Bg4 10. h3 Bh5 11. g4 Bg6 12. Ne5 Nxd4 13. Bxd4 cxd4 14. Bxg6
fxg6 15. Ndf3 Bc5 16. Nd3 Bb6 17. Nfe5 Ne4 18. f3 Qd6 19. fxe4 dxe4 20. Qe2
exd3 21. Nxd3 Rfe8 22. Qh2 Qxh2+ 23. Kxh2 Re2+ 24. Rf2 Rxf2+ 25. Nxf2 Rc8 26.
Rc1 Bc7+ 27. Kg2 Bf4 28. Re1 Rxc2 29. Kf3 Be3 30. Nd1 Rxa2 31. Nxe3 dxe3 32.
Rxe3 Ra3 33. Rc3 a5 34. Rc8+ Kf7 35. Rc7+ Kf6 36. Rxb7 a4 37. Ra7 Rxb3+ 38. Kf4
a3 39. Ra6+ Ke7 40. Ra7+ Kd6 41. h4 Kc6 42. h5 gxh5 43. gxh5 Kb6 44. Ra8 Kb5
45. Rb8+ Kc4 46. Ra8 Kc3 47. Ra7 Kb2 48. Rxg7 a2 49. Rg2+ Ka3 0-1

[Event "National interclub championship"]
[Site "Tessenderlo"]
[Date "1997.11.30"]
[Round "5"]
[White "Timmermans, Ivo"]
[Black "Maes, Valeer"]
[Result "1-0"]
[WhiteElo "2225"]
[BlackElo "2215"]
[Board "6"]
[WhiteTeam "SK Eupen '47"]
[BlackTeam "OSK Tessenderlo"]
[PlyCount "93"]
[EventDate "1997.10.05"]
[Source "BelgaBase"]

1. e4 e6 2. d4 d5 3. Nc3 Nc6 4. Nf3 Nf6 5. e5 Ne4 6. Bd3 Bb4 7. Bd2 Nxd2 8.
Qxd2 Be7 9. a3 f6 10. exf6 Bxf6 11. O-O-O O-O 12. Kb1 Nxd4 13. Nxd4 Bxd4 14.
Bxh7+ Kxh7 15. Qxd4 Qf6 16. Qc5 Bd7 17. Qxc7 Bc6 18. f3 Rf7 19. Qg3 d4 20. Ne2
e5 21. Rhe1 Re8 22. Ng1 Qf4 23. Qxf4 Rxf4 24. Ne2 Rh4 25. h3 Rh6 26. c3 Rg6 27.
Rg1 Bb5 28. Rd2 Bxe2 29. Rxe2 dxc3 30. b3 Ra6 31. a4 Rb6 32. Kc2 Kg6 33. Rge1
Rd8 34. Kxc3 Rc6+ 35. Kb2 Rd3 36. Rxe5 Rd2+ 37. Ka3 Rxg2 38. Re7 a5 39. R7e5 b6
40. Re6+ Rxe6 41. Rxe6+ Kf7 42. Rxb6 Rg3 43. Rb5 Rxf3 44. h4 g6 45. Rxa5 Rh3
46. Rc5 Rxh4 47. a5 1-0

[Event "National interclub championship"]
[Site "Tessenderlo"]
[Date "1997.11.30"]
[Round "5"]
[White "Ooms, Andy"]
[Black "Schumacher, Helmut"]
[Result "0-1"]
[WhiteElo "2170"]
[BlackElo "2190"]
[Board "7"]
[WhiteTeam "OSK Tessenderlo"]
[BlackTeam "SK Eupen '47"]
[PlyCount "52"]
[EventDate "1997.10.05"]
[Source "BelgaBase"]

1. d4 d5 2. Nf3 c6 3. Nbd2 Nf6 4. e3 Bf5 5. c4 e6 6. Be2 Bd6 7. c5 Bc7 8. b4 a6
9. a4 Nbd7 10. Ba3 e5 11. b5 axb5 12. axb5 e4 13. b6 Bb8 14. Ng1 h5 15. Bb4
Rxa1 16. Qxa1 Ng4 17. Qa8 Nxe3 18. Bc3 Nxg2+ 19. Kf1 e3 20. Ndf3 exf2 21. Kxg2
Qc8 22. Nh4 fxg1=Q+ 23. Rxg1 Be4+ 24. Kf1 O-O 25. Qa2 Nf6 26. Ke1 Qh3 0-1

[Event "National interclub championship"]
[Site "Leuven"]
[Date "1997.11.30"]
[Round "5"]
[White "Claesen, Pieter"]
[Black "Cuijpers, Frans André"]
[Result "1/2-1/2"]
[WhiteElo "2415"]
[BlackElo "2420"]
[Board "1"]
[WhiteTeam "LV Leuven"]
[BlackTeam "K Antwerp SK"]
[WhiteTitle "FM"]
[BlackTitle "IM"]
[PlyCount "91"]
[EventDate "1997.10.05"]
[Source "BelgaBase"]

1. c4 e5 2. Nc3 Nf6 3. Nf3 Nc6 4. d4 exd4 5. Nxd4 Bb4 6. g3 Ne4 7. Qd3 Nc5 8.
Qe3+ Ne6 9. Nxe6 fxe6 10. Bg2 O-O 11. O-O Qf6 12. Ne4 Qe5 13. Qd3 Qd4 14. Qb3
Be7 15. Be3 Qe5 16. Bf4 Qa5 17. Qc3 Qxc3 18. Nxc3 d6 19. Rfd1 a6 20. Rac1 Bd7
21. c5 d5 22. Bxc7 Bxc5 23. Ne4 Bd4 24. e3 Bxb2 25. Rb1 Be5 26. Bxe5 Nxe5 27.
Nc5 Rac8 28. Rdc1 Rc7 29. Nxd7 Rxd7 30. Rb6 Nd3 31. Rc3 Nxf2 32. Rc2 Ng4 33.
Rxe6 Rf6 34. Re8+ Kf7 35. Rcc8 Rc6 36. Bh3 h5 37. Rxc6 bxc6 38. Ra8 Rb7 39.
Bxg4 hxg4 40. Rxa6 Rb1+ 41. Kg2 Rb2+ 42. Kg1 c5 43. Rc6 c4 44. e4 Rxa2 45. exd5
Rc2 46. Kf1 1/2-1/2

[Event "National interclub championship"]
[Site "Leuven"]
[Date "1997.11.30"]
[Round "5"]
[White "Bosboom, Manuel"]
[Black "Claesen, Jeroen"]
[Result "1-0"]
[WhiteElo "2430"]
[BlackElo "2290"]
[Board "2"]
[WhiteTeam "K Antwerp SK"]
[BlackTeam "LV Leuven"]
[WhiteTitle "IM"]
[BlackTitle "FM"]
[PlyCount "67"]
[EventDate "1997.10.05"]
[Source "BelgaBase"]

1. d4 Nf6 2. c4 c5 3. d5 b5 4. cxb5 a6 5. b6 e6 6. Nc3 Nxd5 7. Nxd5 exd5 8.
Qxd5 Nc6 9. Nf3 Be7 10. e4 Rb8 11. Bc4 O-O 12. O-O Rxb6 13. Qh5 Bb7 14. Rd1 Nb4
15. Ne5 d5 16. exd5 Rd6 17. Bf4 Bxd5 18. Qe2 Bg5 19. Bg3 Bxc4 20. Nxc4 Rd4 21.
Nd6 Qd7 22. a3 Nc6 23. Qxa6 Bf6 24. Rxd4 Bxd4 25. Qe2 f5 26. Nb5 f4 27. Bh4 f3
28. Qc4+ Kh8 29. Bg3 fxg2 30. Kxg2 Qf5 31. Rf1 Bxb2 32. f4 Nd4 33. Nd6 Qf6 34.
Qxc5 1-0

[Event "National interclub championship"]
[Site "Leuven"]
[Date "1997.11.30"]
[Round "5"]
[White "Vanderwaeren, Serge"]
[Black "Knoppert, Erik"]
[Result "1/2-1/2"]
[WhiteElo "2290"]
[BlackElo "2385"]
[Board "3"]
[WhiteTeam "LV Leuven"]
[BlackTeam "K Antwerp SK"]
[WhiteTitle "FM"]
[BlackTitle "FM"]
[PlyCount "41"]
[EventDate "1997.10.05"]
[Source "BelgaBase"]

1. Nf3 c5 2. e4 d6 3. Nc3 Nc6 4. Bb5 Bd7 5. O-O g6 6. d4 cxd4 7. Bxc6 Bxc6 8.
Qxd4 Nf6 9. Bg5 Bg7 10. Nd5 Bxd5 11. exd5 O-O 12. Rfe1 Re8 13. c4 Qa5 14. Qd3
Rac8 15. a4 Qb4 16. b3 Nxd5 17. Bd2 Qc5 18. cxd5 Bxa1 19. Rxa1 a6 20. h4 Qc2
21. Qe3 1/2-1/2

[Event "National interclub championship"]
[Site "Leuven"]
[Date "1997.11.30"]
[Round "5"]
[White "Dutreeuw, Marc"]
[Black "Van Mechelen, Jan"]
[Result "1-0"]
[WhiteElo "2400"]
[BlackElo "2240"]
[Board "4"]
[WhiteTeam "K Antwerp SK"]
[BlackTeam "LV Leuven"]
[WhiteTitle "IM"]
[BlackTitle "FM"]
[PlyCount "79"]
[EventDate "1997.10.05"]
[Source "BelgaBase"]

1. e4 c5 2. Nf3 d6 3. d4 cxd4 4. Nxd4 Nf6 5. Nc3 a6 6. Be3 Ng4 7. Bg5 h6 8. Bh4
g5 9. Bg3 Bg7 10. h3 Ne5 11. f3 Nbc6 12. Bf2 e6 13. Qd2 Nxd4 14. Bxd4 Bd7 15.
Nd1 O-O 16. Ne3 Rc8 17. O-O-O Bc6 18. h4 Bf6 19. hxg5 hxg5 20. Be2 Qe7 21. Bc3
Rfd8 22. Bb4 Qc7 23. Ba5 Qe7 24. Bxd8 Qxd8 25. Qxd6 Qb6 26. Qa3 Ba4 27. Rd2 Qc6
28. Rhd1 b5 29. Qd6 Qxd6 30. Rxd6 b4 31. Rxa6 Be8 32. Kb1 Nc6 33. Rd2 Nd4 34.
Bd3 Be5 35. Ng4 Bf4 36. Rd1 Kg7 37. Rb6 Nc6 38. Bb5 f5 39. exf5 exf5 40. Bxc6
1-0

[Event "National interclub championship"]
[Site "Leuven"]
[Date "1997.11.30"]
[Round "5"]
[White "Craps, Ben"]
[Black "van Gaalen, Bas"]
[Result "1/2-1/2"]
[WhiteElo "2185"]
[BlackElo "2355"]
[Board "5"]
[WhiteTeam "LV Leuven"]
[BlackTeam "K Antwerp SK"]
[PlyCount "107"]
[EventDate "1997.10.05"]
[Source "BelgaBase"]

1. Nf3 Nf6 2. b3 g6 3. Bb2 Bg7 4. c4 O-O 5. g3 d6 6. Bg2 e5 7. O-O Re8 8. d3
Nbd7 9. Nbd2 c6 10. e4 a5 11. Qc2 Nc5 12. d4 exd4 13. Nxd4 a4 14. Bc3 Qb6 15.
Rfe1 Ng4 16. N2f3 axb3 17. axb3 Rxa1 18. Bxa1 Ne5 19. Re3 Bg4 20. Nxe5 Bxe5 21.
Bc3 Ra8 22. h3 Bd7 23. Nf3 Bxc3 24. Qxc3 Ra3 25. Nd4 Ne6 26. Nxe6 Bxe6 27. h4
h5 28. Bf3 Qc5 29. Kg2 b5 30. cxb5 Qxb5 31. Qd4 Rxb3 32. Rxb3 Qxb3 33. Qxd6
Bh3+ 34. Kxh3 Qxf3 35. Qb8+ Kh7 36. Qb1 Qxf2 37. Qc1 Qf3 38. Qb1 c5 39. Kh2
Qe2+ 40. Kh3 c4 41. Qb7 Qf1+ 42. Kh2 Qf2+ 43. Kh3 c3 44. Qc6 c2 45. Qc4 Kg7 46.
Qc3+ Kg8 47. Qc8+ Kg7 48. Qc3+ f6 49. Qc7+ Kh6 50. Qd8 Qf1+ 51. Kh2 Qe2+ 52.
Kh3 Qg4+ 53. Kh2 Qe2+ 54. Kh3 1/2-1/2

[Event "National interclub championship"]
[Site "Leuven"]
[Date "1997.11.30"]
[Round "5"]
[White "Meulders, Richard"]
[Black "Praet, Maarten"]
[Result "1/2-1/2"]
[WhiteElo "2295"]
[BlackElo "2200"]
[Board "6"]
[WhiteTeam "K Antwerp SK"]
[BlackTeam "LV Leuven"]
[WhiteTitle "FM"]
[PlyCount "68"]
[EventDate "1997.10.05"]
[Source "BelgaBase"]

1. d4 Nf6 2. c4 c5 3. dxc5 e6 4. Nc3 Bxc5 5. Nf3 O-O 6. e3 d5 7. cxd5 exd5 8.
Be2 Nc6 9. O-O Re8 10. a3 a6 11. Qc2 Bg4 12. Rd1 Qd6 13. h3 Bh5 14. b4 Ba7 15.
Bb2 Rad8 16. b5 Ne5 17. Nxe5 Rxe5 18. bxa6 bxa6 19. Bxh5 Rxh5 20. Ne2 Ne4 21.
Rac1 Bb8 22. Nf4 Rf5 23. f3 Ng3 24. Bd4 Qxa3 25. Bc5 Qa5 26. Kf2 Rxf4 27. exf4
Bxf4 28. Qc3 Qb5 29. Rc2 Re8 30. Qd3 Nh1+ 31. Kf1 Ng3+ 32. Kf2 Nh1+ 33. Kf1
Ng3+ 34. Kf2 Nh1+ 1/2-1/2

[Event "National interclub championship"]
[Site "Leuven"]
[Date "1997.11.30"]
[Round "5"]
[White "Houdart, Robert"]
[Black "Docx, Stefan"]
[Result "0-1"]
[WhiteElo "2115"]
[BlackElo "2265"]
[Board "7"]
[WhiteTeam "LV Leuven"]
[BlackTeam "K Antwerp SK"]
[BlackTitle "FM"]
[PlyCount "138"]
[EventDate "1997.10.05"]
[Source "BelgaBase"]

1. d4 Nf6 2. Nf3 b5 3. Bg5 Ne4 4. Bf4 Bb7 5. e3 a6 6. Bd3 e6 7. c3 c5 8. Qc2
Nf6 9. Nbd2 Nc6 10. O-O Rc8 11. Qd1 Qb6 12. a4 c4 13. Bc2 d5 14. axb5 axb5 15.
e4 Be7 16. e5 Nd7 17. Re1 h6 18. Nf1 b4 19. Ng3 b3 20. Bb1 g6 21. h3 Bf8 22.
Qd2 Qd8 23. Nh2 Bg7 24. Ng4 h5 25. Nh2 Ra8 26. Rxa8 Qxa8 27. Nf3 Nf8 28. Ng5
Nd8 29. Qe3 Bc6 30. Qf3 Ke7 31. h4 Be8 32. Qe2 Kd7 33. Nf1 Kc7 34. Ne3 Qc6 35.
Kf1 Nd7 36. Qf3 Nb6 37. Qe2 Kb7 38. Nf3 Qc7 39. Bg5 Nc6 40. Nd2 Qc8 41. Qf3 Qa8
42. Qe2 Rg8 43. f4 Qa6 44. Kg1 Rh8 45. Rf1 Qa5 46. Re1 Qa1 47. Nf3 Qa5 48. Rf1
Kc7 49. Re1 Na4 50. Rc1 Bf8 51. Rd1 Ba3 52. bxa3 Nxc3 53. Qb2 Nxd1 54. Nxd1 Bd7
55. Nc3 Ra8 56. f5 gxf5 57. Bd2 Qb6 58. Be3 Ne7 59. Bc1 Rg8 60. Qd2 Rg4 61. Bb2
Qa7 62. Qf2 Ng6 63. Ne2 Qa5 64. Kf1 Bb5 65. Nc3 Bc6 66. Ne2 Bb5 67. Nc3 Ba6 68.
Kg1 Nf4 69. Ne1 Nh3+ 0-1

[Event "National interclub championship"]
[Site "Leuven"]
[Date "1997.11.30"]
[Round "5"]
[White "Middelburg, Tom"]
[Black "Van Hul, Chris"]
[Result "1-0"]
[WhiteElo "2245"]
[BlackElo "2245"]
[Board "8"]
[WhiteTeam "K Antwerp SK"]
[BlackTeam "LV Leuven"]
[PlyCount "73"]
[EventDate "1997.10.05"]
[Source "BelgaBase"]

1. c4 f5 2. Nc3 Nf6 3. g3 g6 4. Bg2 Bg7 5. d4 O-O 6. Nf3 d6 7. d5 c6 8. O-O Qe8
9. Re1 Na6 10. Nd4 Bd7 11. Rb1 Nc7 12. b4 Rd8 13. dxc6 bxc6 14. b5 cxb5 15.
Ndxb5 Nxb5 16. cxb5 Kh8 17. a4 Ng4 18. Nd5 Rc8 19. h3 Ne5 20. Be3 e6 21. Nb4 a5
22. bxa6 Bxa4 23. Qxd6 Nc4 24. Qd3 e5 25. Bd5 e4 26. Qxc4 Rxc4 27. Bxc4 f4 28.
gxf4 Qc8 29. Bd5 Qxh3 30. Bxe4 Qg4+ 31. Bg2 h5 32. a7 Bc3 33. Rec1 h4 34. Rxc3
h3 35. Bd4+ Kg8 36. Rxh3 Qxf4 37. Bd5+ 1-0

[Event "National interclub championship"]
[Site "Ghent"]
[Date "1997.11.30"]
[Round "5"]
[White "de Waal, Mark"]
[Black "Bauer, Christian"]
[Result "1/2-1/2"]
[WhiteElo "2245"]
[BlackElo "2525"]
[Board "1"]
[WhiteTeam "Jean Jaurès Ghent"]
[BlackTeam "La Tour d'Ans-Loncin"]
[BlackTitle "IM"]
[PlyCount "116"]
[EventDate "1997.10.05"]
[Source "BelgaBase"]

1. d4 d6 2. Nf3 f5 3. g3 Nf6 4. Bg5 Ne4 5. Be3 Nd7 6. Nbd2 Nef6 7. c3 c6 8. Qc2
g6 9. Bg5 d5 10. Bg2 Bg7 11. Bxf6 Bxf6 12. h4 e6 13. Nb3 Qe7 14. e3 a5 15. Nc1
e5 16. dxe5 Nxe5 17. Nxe5 Bxe5 18. Nd3 Bf6 19. Nf4 O-O 20. O-O Kg7 21. Rac1 Bd7
22. Rfd1 Be8 23. Bf1 Be5 24. Nd3 Bf6 25. Nf4 Be5 26. Nd3 Bd6 27. Bg2 Rf6 28.
Ne1 Bf7 29. Nf3 Bg8 30. Nd4 Raf8 31. Re1 h6 32. Nf3 R6f7 33. c4 dxc4 34. Qxc4
Qf6 35. b3 Rd7 36. Qc2 Bb4 37. Red1 Re7 38. Nd4 Ba3 39. Ra1 g5 40. Qc3 Qe5 41.
hxg5 hxg5 42. Qc2 Kf6 43. Nf3 Qc5 44. Qd2 Bb4 45. Qe2 g4 46. Nd2 Qb5 47. Nc4
Bxc4 48. bxc4 Qe5 49. Rab1 Rh8 50. Rb3 Kg5 51. Rbd3 Reh7 52. Rd8 Qe7 53. Rxh8
Rxh8 54. Qb2 Rh7 55. Qd4 Bc5 56. Qf4+ Kg6 57. Qb8 Qc7 58. Qg8+ Rg7 1/2-1/2

[Event "National interclub championship"]
[Site "Ghent"]
[Date "1997.11.30"]
[Round "5"]
[White "Cekro, Ekrem"]
[Black "Groffen, Hans"]
[Result "0-1"]
[WhiteElo "2385"]
[BlackElo "2225"]
[Board "2"]
[WhiteTeam "La Tour d'Ans-Loncin"]
[BlackTeam "Jean Jaurès Ghent"]
[WhiteTitle "IM"]
[PlyCount "140"]
[EventDate "1997.10.05"]
[Source "BelgaBase"]

1. c4 b6 2. Nc3 e6 3. e4 Bb7 4. g3 f5 5. Bg2 Nf6 6. d3 fxe4 7. Nxe4 Nxe4 8.
dxe4 Qf6 9. a3 Nc6 10. Nf3 Bc5 11. O-O Ne5 12. Nxe5 Qxe5 13. Rb1 O-O-O 14. b4
Bd4 15. Qd3 d6 16. Rd1 c5 17. Be3 Bxe3 18. Qxe3 g5 19. Rd2 h6 20. Rbd1 Rhf8 21.
Rd3 Kc7 22. Qd2 Bc6 23. b5 Bb7 24. a4 Rd7 25. a5 h5 26. a6 Ba8 27. Qc3 Qxc3 28.
Rxc3 e5 29. Re3 Rdf7 30. Rd2 Rf6 31. Red3 Rd8 32. Rd1 Rdf8 33. R3d2 Rd8 34. f3
Rff8 35. Rf2 Rf6 36. Rdf1 Rdf8 37. Bh3 R8f7 38. Bf5 d5 39. cxd5 Bxd5 40. Rd1
Bb3 41. Rdd2 Bc4 42. Rb2 Rd6 43. Rfc2 Bd3 44. Rc3 Rf8 45. Kf2 Rd4 46. Ke3 Bc4
47. f4 gxf4+ 48. gxf4 Kd6 49. Rg2 exf4+ 50. Kxf4 Rxe4+ 51. Kxe4 Bd5+ 52. Ke3
Bxg2 53. Rd3+ Ke5 54. Rd2 Rxf5 55. Rxg2 Kd5 56. Rg7 Kc4 57. Rxa7 Kxb5 58. Ra8
Rd5 59. Ke4 Rd7 60. a7 Ka6 61. Rh8 Kxa7 62. Rxh5 Ka6 63. h4 c4 64. Rh8 Ka5 65.
h5 Kb4 66. h6 b5 67. h7 Kc3 68. Rb8 Re7+ 69. Kf3 Rxh7 70. Rxb5 Re7 0-1

[Event "National interclub championship"]
[Site "Ghent"]
[Date "1997.11.30"]
[Round "5"]
[White "Krijgelmans, Johan"]
[Black "Philippe, Christophe"]
[Result "1/2-1/2"]
[WhiteElo "2270"]
[BlackElo "2235"]
[Board "3"]
[WhiteTeam "Jean Jaurès Ghent"]
[BlackTeam "La Tour d'Ans-Loncin"]
[PlyCount "93"]
[EventDate "1997.10.05"]
[Source "BelgaBase"]

1. d4 Nf6 2. c4 c5 3. d5 b5 4. Nf3 Bb7 5. a4 bxc4 6. Nc3 g6 7. e4 d6 8. Bxc4
Nbd7 9. a5 Bg7 10. h3 O-O 11. O-O Ne8 12. Bf4 Nc7 13. Qd2 Ba6 14. b3 Rb8 15.
Bh6 f6 16. Ne2 Rb4 17. Bxg7 Kxg7 18. Ned4 Bxc4 19. bxc4 Nb8 20. Qc3 Qc8 21. Nc2
Rb7 22. Nh4 Nd7 23. Ne3 Na6 24. f4 Qb8 25. Ra3 Rb1 26. Nf3 Rxf1+ 27. Nxf1 Qb4
28. Ng5 Rb8 29. Ne6+ Kg8 30. Qc1 Qb1 31. Qxb1 Rxb1 32. Kf2 Nb4 33. Ne3 Nb8 34.
Nc7 Rc1 35. Kf3 Kf7 36. a6 h5 37. g4 h4 38. g5 fxg5 39. fxg5 Nd7 40. Nb5 Ne5+
41. Kg2 Ned3 42. Ng4 Nf4+ 43. Kh2 Rc2+ 44. Kh1 Rc1+ 45. Kh2 Rc2+ 46. Kh1 Rc1+
47. Kh2 1/2-1/2

[Event "National interclub championship"]
[Site "Ghent"]
[Date "1997.11.30"]
[Round "5"]
[White "Goossens, Étienne"]
[Black "de Wolf, Johan"]
[Result "0-1"]
[WhiteElo "2130"]
[BlackElo "2180"]
[Board "4"]
[WhiteTeam "La Tour d'Ans-Loncin"]
[BlackTeam "Jean Jaurès Ghent"]
[PlyCount "67"]
[EventDate "1997.10.05"]
[Source "BelgaBase"]

1. d4 Nf6 2. Nf3 d5 3. c4 e6 4. Nc3 Be7 5. Bg5 Nbd7 6. e3 O-O 7. Qc2 a6 8. c5
c6 9. Bd3 h6 10. Bf4 b6 11. cxb6 Qxb6 12. O-O c5 13. Na4 Qa7 14. dxc5 Nxc5 15.
Nxc5 Qxc5 16. Qxc5 Bxc5 17. Rfc1 Bb6 18. Bc7 Ba7 19. b4 Ne8 20. Ba5 Nd6 21. a4
Bb7 22. b5 axb5 23. axb5 Rfc8 24. Bb4 Bb8 25. Rxc8+ Nxc8 26. Rxa8 Bxa8 27. Kf1
f6 28. Ke1 Kf7 29. Kd2 Ke8 30. Bc3 g5 31. Bg6+ Kd7 32. Bxf6 g4 33. Nd4 Bxh2 34.
Bg7 0-1

[Event "National interclub championship"]
[Site "Ghent"]
[Date "1997.11.30"]
[Round "5"]
[White "Lemmers, Oscar"]
[Black "Cools, Gorik"]
[Result "1-0"]
[WhiteElo "2355"]
[BlackElo "2300"]
[Board "1"]
[WhiteTeam "K Ghent S Ruy Lopez"]
[BlackTeam "SK Moretus Hoboken"]
[WhiteTitle "FM"]
[PlyCount "81"]
[EventDate "1997.10.05"]
[Source "BelgaBase"]

1. e4 c6 2. d4 d5 3. exd5 cxd5 4. c4 Nf6 5. Nc3 g6 6. Qb3 Bg7 7. cxd5 O-O 8.
Be2 a5 9. Bf3 Na6 10. Nge2 Nb4 11. O-O Bf5 12. Bf4 Ne8 13. Bg3 Nd6 14. Qd1 Rc8
15. a3 Na6 16. b3 Nc7 17. Na4 Ncb5 18. Ra2 Be4 19. Bxe4 Nxe4 20. Qd3 Nxg3 21.
hxg3 Nd6 22. g4 Re8 23. Rd1 b5 24. Nc5 Qb6 25. b4 a4 26. Nc3 Red8 27. Re2 Rc7
28. Rde1 Bf6 29. g3 Kg7 30. Kg2 Ra7 31. Rh1 Rh8 32. f3 h6 33. N3e4 Nc4 34. f4
g5 35. Rh5 Qd8 36. fxg5 hxg5 37. Rxh8 Kxh8 38. Nxf6 exf6 39. Kg1 Kg7 40. Rh2
Qxd5 41. Qh7+ 1-0

[Event "National interclub championship"]
[Site "Ghent"]
[Date "1997.11.30"]
[Round "5"]
[White "Plomp, Gordon"]
[Black "Hoogendoorn, Joost"]
[Result "1/2-1/2"]
[WhiteElo "2330"]
[BlackElo "2320"]
[Board "2"]
[WhiteTeam "SK Moretus Hoboken"]
[BlackTeam "K Ghent S Ruy Lopez"]
[BlackTitle "FM"]
[PlyCount "25"]
[EventDate "1997.10.05"]
[Source "BelgaBase"]

1. c4 b6 2. Nf3 Bb7 3. g3 Nf6 4. Bg2 g6 5. O-O Bg7 6. d3 O-O 7. e4 d6 8. h3 c5
9. Nc3 Nc6 10. Be3 Nd7 11. d4 cxd4 12. Nxd4 Rc8 13. b3 1/2-1/2

[Event "National interclub championship"]
[Site "Ghent"]
[Date "1997.11.30"]
[Round "5"]
[White "de Wit, Dick"]
[Black "Roofthoofd, Marcel"]
[Result "1/2-1/2"]
[WhiteElo "2335"]
[BlackElo "2300"]
[Board "3"]
[WhiteTeam "K Ghent S Ruy Lopez"]
[BlackTeam "SK Moretus Hoboken"]
[BlackTitle "FM"]
[PlyCount "22"]
[EventDate "1997.10.05"]
[Source "BelgaBase"]

1. e4 e6 2. d4 d5 3. Nc3 dxe4 4. Nxe4 Nf6 5. Nxf6+ gxf6 6. Nf3 b6 7. Bb5+ c6 8.
Bd3 Qc7 9. Qe2 Bb7 10. Bd2 Nd7 11. O-O-O O-O-O 1/2-1/2

[Event "National interclub championship"]
[Site "Ghent"]
[Date "1997.11.30"]
[Round "5"]
[White "Goormachtigh, Johan"]
[Black "Soetewey, Steven"]
[Result "0-1"]
[WhiteElo "2305"]
[BlackElo "2180"]
[Board "5"]
[WhiteTeam "K Ghent S Ruy Lopez"]
[BlackTeam "SK Moretus Hoboken"]
[WhiteTitle "FM"]
[PlyCount "48"]
[EventDate "1997.10.05"]
[Source "BelgaBase"]

1. d4 Nc6 2. e4 d5 3. e5 Bf5 4. c3 Qd7 5. Nf3 f6 6. Bb5 e6 7. O-O Nge7 8. exf6
gxf6 9. Nh4 O-O-O 10. Qa4 Bg6 11. b4 Kb8 12. Be3 a6 13. Bxc6 Nxc6 14. Re1 e5
15. Qd1 Rg8 16. Kh1 Bd6 17. a4 exd4 18. Bxd4 Nxd4 19. cxd4 Bxb4 20. Nd2 Bc3 21.
Ra2 Bxd4 22. Nb3 Bc3 23. Re3 d4 24. Rg3 Bf7 0-1

[Event "National interclub championship"]
[Site "Mons"]
[Date "1997.11.30"]
[Round "5"]
[White "Spiridonov, Nikola Iovinsky"]
[Black "Mohandesi, Shahin"]
[Result "1/2-1/2"]
[WhiteElo "2400"]
[BlackElo "2315"]
[Board "1"]
[WhiteTeam "L'Échiquier du Grand-Mons"]
[BlackTeam "CC Anderlecht"]
[WhiteTitle "GM"]
[BlackTitle "FM"]
[PlyCount "96"]
[EventDate "1997.10.05"]
[Source "BelgaBase"]

1. c4 Nf6 2. Nf3 g6 3. d4 Bg7 4. Nc3 d5 5. Bg5 Ne4 6. cxd5 Nxg5 7. Nxg5 e6 8.
Nf3 exd5 9. e3 O-O 10. b4 c6 11. Rc1 Qe7 12. b5 Be6 13. bxc6 Nxc6 14. Be2 Rfc8
15. O-O Qa3 16. Nb5 Qxa2 17. Ra1 Qb2 18. Rb1 Qa2 19. Nd6 Rcb8 20. Nxb7 a5 21.
Ra1 Qb2 22. Nc5 Bf5 23. Bd3 Bxd3 24. Nxd3 Qb5 25. Nc5 Nb4 26. Qb3 Bf8 27. Rfc1
Rc8 28. Na4 Bd6 29. g3 Rab8 30. Ne1 Rc7 31. Nb2 Rxc1 32. Rxc1 Qe2 33. Rb1 Rc8
34. Qd1 Qxd1 35. Rxd1 Kf8 36. Ra1 Ra8 37. Na4 Ke7 38. Kf1 Ra6 39. Ke2 Kd7 40.
Nd3 Nxd3 41. Kxd3 Bb4 42. f3 Rc6 43. e4 Ke6 44. g4 f5 45. gxf5+ gxf5 46. Nc5+
Kd6 47. e5+ Ke7 48. Rb1 f4 1/2-1/2